Harry Potter Pets - Statistics

General Stats
  • This quiz has been taken 36 times
  • The average score is 16 of 20
Answer Stats
Hint Answer % Correct
Fawkes Albus Dumbledore
100%
Hedwig Harry Potter
100%
Crookshanks Hermione Granger
100%
Scabbers Ron Weasley
100%
Buckbeak Rubeus Hagrid/Sirius Black
100%
Nagini Lord Voldemort
97%
Trevor Neville Longbottom
97%
Pigwidgeon Ron Weasley
97%
Fang Rubeus Hagrid
97%
Norbert Rubeus Hagrid
93%
Fluffy Rubeus Hagrid
93%
Aragog Rubeus Hagrid
93%
Mrs Norris Argus Filch
86%
Errol Arthur Weasley/Molly Weasley
83%
Arnold Ginny Weasley
76%
Hermes Percy Weasley
76%
Ripper Marge Dursley
45%
Matey Aberforth Dumbledore
28%
Binky Lavender Brown
24%
Francis Horace Slughorn
21%
No matching quizzes found
Score Distribution
Percent of People with Each Score
Percentile by Number Answered
Your Score History
You have not taken this quiz